Top Five Cities By Category #2 - Statistics

General Stats
  • This quiz has been taken 3,500 times
  • The average score is 14 of 24
Answer Stats
Gruop City % Correct
Biggest Economies (2), Most High Rises (2), Most Starbucks (2) New York City
96%
Biggest Economies (5), Most Visited (1), World's Busiest Airports (3), Most Starbucks (4), Most Olympic Hosts (1) London
95%
Most Visited (3), Most Olympic Hosts (3) Paris
94%
2nd Biggest Cities (3), Biggest Economies (3), Most Olympic Hosts (4) Los Angeles
92%
Biggest Economies (1), World's Busiest Airports (4), Most Olympic Hosts (5) Tokyo
88%
2nd Biggest Cities (1), Most Starbucks (3) Shanghai
83%
World's Busiest Airports (2) Beijing
80%
2nd Biggest Cities (5) Rio de Janeiro
74%
World's Busiest Airports (5), Most Starbucks (5) Chicago
72%
2nd Biggest Cities (2) Mumbai
65%
Most High Rises (1) Hong Kong
64%
Most Olympic Hosts (2) Athens
63%
Most Visited (5) Dubai
63%
World's Busiest Airports (1) Atlanta
62%
2nd Biggest Cities (4) Osaka
60%
Most High Rises (4), Most Visited (4) Singapore
60%
Biggest Economies (4), Most Starbucks (1) Seoul
53%
Most High Rises (3) São Paulo
41%
Most Visited (2) Bangkok
39%
Most High Rises (5), Highest Homocide Rate (1) Caracas
28%
Highest Homocide Rate (5) Guatemala City
20%
Highest Homocide Rate (3) Tegucigalpa
19%
Highest Homocide Rate (2) Cali
8%
Highest Homocide Rate (4) Fortaleza
3%
No matching quizzes found
Score Distribution
Percent of People with Each Score
Percentile by Number Answered
Your Score History
You have not taken this quiz